000 00395nam a22001697a 4500
005 20160630153045.0
008 160630b xxu||||| |||| 00| 0 eng d
020 _a978-81-906919-5-6
041 _aeng
082 _b19989
100 _aSoni K M
_93321
245 _aNetwork Theory
260 _bS.K. Kataria & Sons
_c2014
300 _a441
650 _aDiploma Engineering
_9817
942 _cBK
999 _c4962
_d4960